Score 0/22 Timer 15:00
0 Plays Today
% Correct
Brain Drain
92.5%
Charmed And Dangerous
92.5%
Charmed Again, Part 1
90%
Hell Hath No Fury
90%
Size Matters
90%
Trial By Magic
90%
Marry-Go-Round
90%
Long Live The Queen
87.5%
Witch Way Now?
87.5%
Enter The Demon
85%
Muse To My Ears
85%
% Correct
Lost And Bound
85%
The Fifth Halliwheel
85%
Womb Raider
85%
A Knight To Remember
82.5%
Black As Cole
82.5%
The Three Faces Of Phoebe
82.5%
Saving Private Leo
82.5%
Charmed Again, Part 2
80%
A Paige From The Past
80%
We're Off To See The Wizard
75%
Bite Me
67.5%
Remove Ads.
Support Sporcle.
Get the best of Sporcle when you Go Orange. This ad-free experience offers more features, more stats, and more fun while also helping to support Sporcle. Thank you for becoming a member.

You're not logged in!

Compare scores with friends on all Sporcle quizzes.
OR
Log In

Sporcle TV

Today on Sporcle TV


Watch our educational content, quiz creation guides, and fun videos on Sporcle TV.

Show Comments

Extras

Created Feb 12, 2020ReportNominate
Tags:By Season, Charmed, episode, season

Top Quizzes Today


Score Distribution

Paid Content

Your Account Isn't Verified!

In order to create a playlist on Sporcle, you need to verify the email address you used during registration. Go to your Sporcle Settings to finish the process.

Report this User

Report this user for behavior that violates our Community Guidelines.

Details: